| 000 | 00720cab a22001935a 4500 | ||
|---|---|---|---|
| 001 | L155718 | ||
| 008 | 120410s2012 xxk 000 0 eng d | ||
| 035 | _a(Sirsi) u155718 | ||
| 041 | 0 | _aeng | |
| 100 | 1 | _aGilbert, Dellah | |
| 245 | 0 | 0 |
_aQ and A _bdifferences between experts and arbitrators |
| 260 | _c2012 | ||
| 490 | 0 |
_aHogan Lovells Real Estate Quarterly _vSpring 2012, 20(1) |
|
| 520 | _aRent review provisions in leases often allow landlords to refer any dispute to an arbitrator or an expert. A table sets out the main differences between arbitrator and expert to facilitate the choice in cases. | ||
| 590 | _aKA | ||
| 651 | 4 |
_aEngland and Wales _y1543- |
|
| 690 |
_aDispute resolution _96236 |
||
| 942 | _n0 | ||
| 999 |
_c83908 _d83908 |
||